000 00202nam a22000857a 4500
008 160630b xxu||||| |||| 00| 0 eng d
100 _91636
_a Gupta, P
245 _aCinderella
260 _aNew delhi
_bM/S Arya
999 _c1357
_d1357